000 00455nam a2200157 4500
001 143983
003 ES-MaACL
005 20230906200923.0
007 t|
008 070214s1940 gw r ||||1| ger d
100 1 _aShaw, Bernard.
_9106025
245 1 0 _aDie Greuel von Denshawai, und andere britische Greuel /
_cBernard Shaw.
260 _aBerlin :
_b[s. n.],
_c1940 (
_fEbsnerduck)
300 _a70 p., 3 lám.
852 _aES-MaACL
_j1842-F-1
_bR.19151
999 _c143983
_d143983